[Event "Capablanca Memorial"]
[Site "Havana"]
[Date "1971.??.??"]
[Round "10"]
[White "Hernandez Onna, Roman"]
[Black "Tringov, Georgi P"]
[Result "0-1"]
[WhiteElo "2370"]
[BlackElo "2490"]
[PlyCount "82"]
[EventDate "1971.03.??"]
[EventType "tourn"]
[EventRounds "15"]
[EventCountry "CUB"]
[EventCategory "9"]
[SourceTitle "MCD"]
[Source "ChessBase"]
[SourceDate "1999.07.01"]

1. d4 Nf6 2. c4 c5 3. d5 g6 4. Nc3 Bg7 5. e4 d6 6. Bd3 O-O 7. Nge2 e6 8. dxe6
Bxe6 9. f4 Bg4 10. O-O Nc6 11. h3 Bxe2 12. Qxe2 Re8 13. Kh1 a6 14. f5 Nh5 15.
Qf2 Bd4 16. Be3 Bxe3 17. Qxe3 Qh4 18. Kh2 Nf6 19. Kg1 Ne5 20. Be2 Kg7 21. Rf2
g5 22. Rd1 Rad8 23. b3 Nc6 24. g3 Qh6 25. g4 Qh4 26. Rd3 Nd4 27. Kg2 h5 28.
gxh5 Nxe4 29. Nxe4 Rxe4 30. Qd2 Rde8 31. f6+ Kh6 32. Bg4 Ne6 33. Bxe6 R8xe6 34.
Rg3 Qxh5 35. Qd5 Re2 36. Rgf3 Rxf2+ 37. Rxf2 Re3 38. Qf5 Qh4 39. Qc8 Qg3+ 40.
Kf1 Qxh3+ 41. Qxh3+ Rxh3 0-1

[Event "Capablanca Memorial"]
[Site "Havana"]
[Date "1971.??.??"]
[Round "13"]
[White "Geller, Efim P"]
[Black "Hernandez Onna, Roman"]
[Result "1-0"]
[WhiteElo "2630"]
[BlackElo "2370"]
[PlyCount "77"]
[EventDate "1971.03.??"]
[EventType "tourn"]
[EventRounds "15"]
[EventCountry "CUB"]
[EventCategory "9"]
[SourceTitle "MCD"]
[Source "ChessBase"]
[SourceDate "1999.07.01"]

1. Nf3 c5 2. g3 g6 3. Bg2 Bg7 4. O-O Nc6 5. e4 Nf6 6. Re1 O-O 7. c3 d5 8. e5
Ne8 9. d4 cxd4 10. cxd4 Nc7 11. Be3 Bf5 12. Nc3 Qd7 13. Rc1 Nb4 14. Bf1 Bg4 15.
Be2 h5 16. Qd2 Nc6 17. Nh4 Bxe2 18. Nxe2 Rac8 19. Kg2 b6 20. h3 Na5 21. b3 Nb5
22. Bh6 Rxc1 23. Rxc1 Rc8 24. Bxg7 Kxg7 25. Rxc8 Qxc8 26. a4 Nc7 27. b4 Nc4 28.
Qg5 Qe8 29. Nf4 Kh7 30. Nf3 Qf8 31. g4 hxg4 32. Qxg4 e6 33. h4 Qh6 34. h5 gxh5
35. Ng5+ Kg8 36. Nxh5 Kf8 37. Nf6 Ne8 38. Nxe6+ Ke7 39. Ng8+ 1-0

[Event "Pan American-chT"]
[Site "Tucuman"]
[Date "1971.11.06"]
[Round "5.4"]
[White "Camara, Helder"]
[Black "Hernandez Onna, Roman"]
[Result "1-0"]
[WhiteElo "2390"]
[BlackElo "2370"]
[PlyCount "77"]
[EventDate "1971.10.??"]
[EventType "team"]
[EventRounds "7"]
[EventCountry "ARG"]
[SourceTitle "EXT 1999"]
[Source "ChessBase"]
[SourceDate "1998.11.16"]

1. c4 e5 2. g3 g6 3. Bg2 Bg7 4. Nc3 Nc6 5. d3 d6 6. e3 f5 7. Nge2 Nf6 8. Bd2
O-O 9. O-O Kh8 10. Rb1 Be6 11. Nd5 Bg8 12. b4 Nxd5 13. cxd5 Ne7 14. e4 c6 15.
exf5 gxf5 16. dxc6 bxc6 17. Qa4 Qd7 18. Rfd1 f4 19. f3 Bd5 20. g4 Be6 21. h3 h5
22. Rf1 Ng6 23. Be1 Bf6 24. Qc2 Rg8 25. Bc3 Qg7 26. Be1 Raf8 27. Nc3 Bh4 28.
Ne4 Bxe1 29. Rbxe1 Nh4 30. Nxd6 Rd8 31. Ne4 hxg4 32. hxg4 Bxg4 33. fxg4 Qxg4
34. Rf2 f3 35. Qxc6 Qf5 36. Ng5 Rxg5 37. Re4 Rxg2+ 38. Rxg2 f2+ 39. Kf1 1-0

[Event "WchT U26 19th fin-A"]
[Site "Graz"]
[Date "1972.??.??"]
[Round "1.2"]
[White "Friedman, Shmuel"]
[Black "Hernandez Onna, Roman"]
[Result "1/2-1/2"]
[WhiteElo "2200"]
[BlackElo "2360"]
[PlyCount "99"]
[EventDate "1972.07.15"]
[EventType "team"]
[EventRounds "9"]
[EventCountry "AUT"]
[SourceTitle "MCD"]
[Source "ChessBase"]
[SourceDate "1999.07.01"]

1. e4 e5 2. Nf3 Nc6 3. Nc3 Nf6 4. Bb5 d6 5. d4 exd4 6. Qxd4 Bd7 7. Bxc6 Bxc6 8.
Bg5 Be7 9. O-O-O O-O 10. e5 dxe5 11. Qh4 Qe8 12. Nxe5 h6 13. Nxc6 Qxc6 14. Bd2
Rfe8 15. Qh3 b5 16. Qf3 Qxf3 17. gxf3 c6 18. Rhg1 Kh7 19. Be3 a6 20. Bd4 Nh5
21. Ne4 f5 22. Ng3 Bg5+ 23. Kb1 Nxg3 24. hxg3 Re6 25. f4 Bf6 26. Bxf6 Rxf6 27.
Rge1 Ra7 28. Re8 Rc7 29. Kc1 Kg6 30. Rd3 Kf7 31. Rdd8 a5 32. b3 Re6 33. Rxe6
Kxe6 34. Ra8 Kd5 35. f3 Re7 36. Kd2 Re6 37. Rxa5 Rg6 38. a4 Kc5 39. axb5 Kb6
40. Ra1 Kxb5 41. Rg1 Kb4 42. g4 h5 43. c3+ Kxb3 44. Rb1+ Kc4 45. Rb4+ Kc5 46.
gxf5 Rg2+ 47. Kd3 h4 48. Rb8 h3 49. Rh8 h2 50. Rh5 1/2-1/2

[Event "WchT U26 19th fin-A"]
[Site "Graz"]
[Date "1972.??.??"]
[Round "6.1"]
[White "Hernandez Onna, Roman"]
[Black "Rogoff, Kenneth"]
[Result "1/2-1/2"]
[WhiteElo "2360"]
[BlackElo "2430"]
[PlyCount "91"]
[EventDate "1972.07.15"]
[EventType "team"]
[EventRounds "9"]
[EventCountry "AUT"]
[SourceTitle "MCD"]
[Source "ChessBase"]
[SourceDate "1999.07.01"]

1. d4 Nf6 2. c4 g6 3. Nc3 d5 4. Bg5 Ne4 5. Bh4 c5 6. cxd5 Nxc3 7. bxc3 Qxd5 8.
e3 Bg7 9. Qf3 Qd8 10. Bb5+ Nd7 11. Ne2 O-O 12. O-O a6 13. Ba4 Nf6 14. h3 cxd4
15. cxd4 Bd7 16. Bxd7 Qxd7 17. Nf4 Rfd8 18. a4 b6 19. Rfb1 Rab8 20. Bg3 Qf5 21.
Qe2 Ne4 22. Qxa6 Nxg3 23. fxg3 e5 24. g4 Qe4 25. Qd3 Qxd3 26. Nxd3 exd4 27. e4
Rbc8 28. g5 Rc3 29. Rd1 Ra8 30. Rab1 h6 31. Rb4 hxg5 32. e5 Ra3 33. Nb2 Ra2 34.
Nc4 Bf8 35. Rxb6 R8xa4 36. Rc6 Ra1 37. Rxa1 Rxa1+ 38. Kf2 Rc1 39. Na5 Rc3 40.
Rxc3 dxc3 41. Ke2 g4 42. Kd3 gxh3 43. gxh3 Kh7 44. Kxc3 Kh6 45. Nc6 Bg7 46. Kd3
1/2-1/2

[Event "WchT U26 19th prel-E"]
[Site "Graz"]
[Date "1972.??.??"]
[Round "4.1"]
[White "Hlousek, Zdenek"]
[Black "Hernandez Onna, Roman"]
[Result "0-1"]
[WhiteElo "2355"]
[BlackElo "2360"]
[PlyCount "70"]
[EventDate "1972.07.15"]
[EventType "team"]
[EventRounds "5"]
[EventCountry "AUT"]
[SourceTitle "MCD"]
[Source "ChessBase"]
[SourceDate "1999.07.01"]

1. e4 e5 2. Nf3 Nc6 3. Bb5 a6 4. Ba4 Nf6 5. O-O Be7 6. Qe2 b5 7. Bb3 O-O 8. c3
d5 9. d3 d4 10. cxd4 exd4 11. Bf4 Na5 12. Nbd2 c5 13. Rac1 Bg4 14. h3 Nxb3 15.
Nxb3 Bxf3 16. Qxf3 Rc8 17. Rfd1 Nd7 18. Rc2 Nb6 19. Nc1 Qd7 20. g4 Rfd8 21. Ne2
c4 22. Bd2 cxd3 23. Rxc8 Qxc8 24. Qxd3 Nc4 25. Bc1 Ne5 26. Qb3 d3 27. Nc3 d2
28. Bxd2 Rxd2 29. Rxd2 Nf3+ 30. Kg2 Nxd2 31. Qd1 Nc4 32. Nd5 Bf8 33. b3 Ne5 34.
f4 Nc6 35. e5 Nb4 0-1

[Event "Szolnok"]
[Site "Szolnok"]
[Date "1975.10.16"]
[Round "3"]
[White "Hernandez Onna, Roman"]
[Black "Zaitsev, Igor A"]
[Result "1-0"]
[WhiteElo "2395"]
[BlackElo "2450"]
[PlyCount "78"]
[EventDate "1975.??.??"]
[EventType "game"]
[EventCountry "HUN"]
[SourceTitle "MCD"]
[Source "ChessBase"]
[SourceDate "1999.07.01"]

1. c4 e5 2. Nc3 Nf6 3. g3 g6 4. Bg2 Bg7 5. Nf3 d6 6. O-O O-O 7. d4 Nc6 8. d5
Ne7 9. e4 c6 10. Ne1 cxd5 11. cxd5 Bd7 12. Nd3 Ng4 13. h3 Nh6 14. f4 f6 15. Be3
Nf7 16. fxe5 fxe5 17. Qd2 Kh8 18. Rf2 Ng8 19. Raf1 Qe7 20. g4 h6 21. a4 a6 22.
Qd1 Rae8 23. Qb3 Bc8 24. a5 Bf6 25. Na4 Bg5 26. Bxg5 Nxg5 27. Rxf8 Rxf8 28.
Rxf8 Qxf8 29. Nb6 Nf6 30. Qc4 Bd7 31. Nxd7 Nxd7 32. Qc7 Nf6 33. Nf2 Nfh7 34. h4
Nf3+ 35. Bxf3 Qxf3 36. Qxd6 Qg3+ 37. Kf1 g5 38. h5 Qf4 39. Qxh6 Kg8 1-0

[Event "Szolnok"]
[Site "Szolnok"]
[Date "1975.10.17"]
[Round "4"]
[White "Farago, Ivan"]
[Black "Hernandez Onna, Roman"]
[Result "1/2-1/2"]
[WhiteElo "2460"]
[BlackElo "2395"]
[PlyCount "54"]
[EventDate "1975.??.??"]
[EventType "game"]
[EventCountry "HUN"]
[SourceTitle "MCD"]
[Source "ChessBase"]
[SourceDate "1999.07.01"]

1. d4 d5 2. c4 e6 3. Nc3 c5 4. cxd5 exd5 5. Nf3 Nc6 6. g3 Nf6 7. Bg2 Be7 8. O-O
O-O 9. Bg5 cxd4 10. Nxd4 h6 11. Be3 Re8 12. Rc1 Bf8 13. Qa4 Bd7 14. Nxd5 Nxd5
15. Bxd5 Na5 16. Qc2 Bh3 17. Bg2 Bxg2 18. Kxg2 Qd5+ 19. Kg1 Qxa2 20. Qc3 Qd5
21. b4 Nc6 22. Nxc6 Qxc6 23. Qxc6 bxc6 24. Rxc6 Bxb4 25. Ra6 Rxe3 26. fxe3 Bc5
27. Kg2 Re8 1/2-1/2

[Event "Szolnok"]
[Site "Szolnok"]
[Date "1975.10.20"]
[Round "6"]
[White "Liebert, Heinz"]
[Black "Hernandez Onna, Roman"]
[Result "1-0"]
[WhiteElo "2450"]
[BlackElo "2395"]
[PlyCount "73"]
[EventDate "1975.??.??"]
[EventType "game"]
[EventCountry "HUN"]
[SourceTitle "MCD"]
[Source "ChessBase"]
[SourceDate "1999.07.01"]

1. c4 c5 2. Nf3 e6 3. g3 Nf6 4. Bg2 d5 5. cxd5 exd5 6. d4 Nc6 7. O-O Be7 8. Nc3
O-O 9. Bg5 cxd4 10. Nxd4 h6 11. Be3 Re8 12. Qa4 Bd7 13. Rad1 Na5 14. Qc2 Bb4
15. Nxd5 Nxd5 16. Bxd5 Bh3 17. Nf3 Rc8 18. Qb1 Qd7 19. Bxh6 Bf5 20. e4 Bg6 21.
Bf4 Nc6 22. a3 Bc5 23. b4 Bb6 24. b5 Qg4 25. Kg2 Qh5 26. h3 Ne7 27. Bxb7 Rc3
28. Rd3 Rxd3 29. Qxd3 Qc5 30. Bd6 Qh5 31. g4 Qh6 32. Bg3 Nc8 33. Ne5 Rd8 34.
Bd5 Ne7 35. Nxg6 Qxg6 36. Rd1 Qf6 37. Qf3 1-0

[Event "Szolnok"]
[Site "Szolnok"]
[Date "1975.10.21"]
[Round "7"]
[White "Hernandez Onna, Roman"]
[Black "Westerinen, Heikki MJ"]
[Result "0-1"]
[WhiteElo "2395"]
[BlackElo "2475"]
[PlyCount "66"]
[EventDate "1975.??.??"]
[EventType "game"]
[EventCountry "HUN"]
[SourceTitle "MCD"]
[Source "ChessBase"]
[SourceDate "1999.07.01"]

1. c4 Nf6 2. Nc3 g6 3. e4 d6 4. d4 Bg7 5. Bd3 O-O 6. Nge2 c5 7. d5 Na6 8. f3
Nc7 9. Bg5 a6 10. a4 b6 11. Qd2 Bd7 12. O-O Rb8 13. Bh6 Bxh6 14. Qxh6 e6 15.
dxe6 Bxe6 16. b3 b5 17. axb5 axb5 18. Ra7 bxc4 19. bxc4 Rb4 20. Qh4 Nce8 21.
Nf4 Qb6 22. Re7 Rb3 23. Ncd5 Bxd5 24. exd5 Qb4 25. Nxg6 hxg6 26. Bxg6 Qd2 27.
Be4 Qd4+ 28. Kh1 Ng7 29. Re1 Ra8 30. Qh3 Nxe4 31. R7xe4 Qxe4 32. fxe4 Rxh3 33.
gxh3 Re8 0-1

[Event "Szolnok"]
[Site "Szolnok"]
[Date "1975.10.22"]
[Round "8"]
[White "Benko, Pal C"]
[Black "Hernandez Onna, Roman"]
[Result "1/2-1/2"]
[WhiteElo "2515"]
[BlackElo "2395"]
[PlyCount "57"]
[EventDate "1975.??.??"]
[EventType "game"]
[EventCountry "HUN"]
[SourceTitle "MCD"]
[Source "ChessBase"]
[SourceDate "1999.07.01"]

1. Nf3 c5 2. c4 Nc6 3. Nc3 Nf6 4. g3 g6 5. Bg2 Bg7 6. d4 cxd4 7. Nxd4 Nxd4 8.
Qxd4 d6 9. O-O O-O 10. Qd3 Qa5 11. Bd2 Qh5 12. f3 Be6 13. b3 d5 14. cxd5 Nxd5
15. g4 Qe5 16. Nxd5 Qxd5 17. Qxd5 Bxd5 18. Rac1 a5 19. f4 Rfd8 20. Be3 a4 21.
Rfd1 Bxb3 22. axb3 a3 23. Bxb7 Rxd1+ 24. Rxd1 Rb8 25. Ba7 Rxb7 26. Rd8+ Bf8 27.
Bc5 a2 28. Ra8 Rxb3 29. Rxa2 1/2-1/2

[Event "Szolnok"]
[Site "Szolnok"]
[Date "1975.10.24"]
[Round "9"]
[White "Hernandez Onna, Roman"]
[Black "Barczay, Laszlo"]
[Result "0-1"]
[WhiteElo "2395"]
[BlackElo "2445"]
[PlyCount "90"]
[EventDate "1975.??.??"]
[EventType "game"]
[EventCountry "HUN"]
[SourceTitle "MCD"]
[Source "ChessBase"]
[SourceDate "1999.07.01"]

1. c4 e6 2. d4 Nf6 3. Nf3 b6 4. e3 Bb7 5. Bd3 Bb4+ 6. Nbd2 O-O 7. O-O d5 8. a3
Be7 9. b3 Nbd7 10. Bb2 c5 11. Qe2 Ne4 12. Rad1 Qc7 13. Bb1 Rad8 14. Nxe4 dxe4
15. Nd2 f5 16. Rfe1 Nf6 17. dxc5 bxc5 18. Nf1 Ng4 19. Rxd8 Rxd8 20. h3 Ne5 21.
Rd1 Rxd1 22. Qxd1 Qd7 23. Qxd7 Nxd7 24. Bc3 Kf7 25. Nd2 Bf6 26. Bxf6 Kxf6 27.
Kf1 a5 28. Ke2 g5 29. Bc2 h5 30. Nb1 h4 31. Nc3 Ke5 32. g3 Kd6 33. gxh4 gxh4
34. Kd2 Ne5 35. Ne2 Nf3+ 36. Kc3 e5 37. Bd1 Ng5 38. Ng1 f4 39. Bg4 f3 40. a4
Bc6 41. Bc8 Kc7 42. Bf5 Nf7 43. Kd2 Nh6 44. Bg6 Kd6 45. Ke1 Ke7 0-1

[Event "Szolnok"]
[Site "Szolnok"]
[Date "1975.10.25"]
[Round "10"]
[White "Flesch, Janos"]
[Black "Hernandez Onna, Roman"]
[Result "1/2-1/2"]
[WhiteElo "2385"]
[BlackElo "2395"]
[PlyCount "39"]
[EventDate "1975.??.??"]
[EventType "game"]
[EventCountry "HUN"]
[SourceTitle "MCD"]
[Source "ChessBase"]
[SourceDate "1999.07.01"]

1. g3 g6 2. Bg2 Bg7 3. d4 d5 4. Nf3 Nf6 5. O-O O-O 6. c4 c6 7. Nbd2 Bf5 8. b3
a5 9. a3 Ne4 10. Bb2 Nd7 11. Nh4 Nxd2 12. Qxd2 Be6 13. c5 b6 14. b4 axb4 15.
axb4 bxc5 16. bxc5 Qb8 17. Rxa8 Qxa8 18. Ra1 Qb7 19. Bc3 Qb3 20. Qc1 1/2-1/2

[Event "Szolnok"]
[Site "Szolnok"]
[Date "1975.10.26"]
[Round "11"]
[White "Hernandez Onna, Roman"]
[Black "Pinter, Jozsef"]
[Result "1/2-1/2"]
[WhiteElo "2395"]
[BlackElo "2410"]
[PlyCount "82"]
[EventDate "1975.??.??"]
[EventType "game"]
[EventCountry "HUN"]
[SourceTitle "MCD"]
[Source "ChessBase"]
[SourceDate "1999.07.01"]

1. c4 g6 2. d4 Nf6 3. Nc3 Bg7 4. e4 d6 5. f3 O-O 6. Be3 Nc6 7. Qd2 a6 8. Nge2
Rb8 9. Nc1 e5 10. d5 Nd4 11. N1e2 c5 12. dxc6 bxc6 13. Nxd4 exd4 14. Bxd4 c5
15. Be3 Qa5 16. Rc1 Nh5 17. g4 Nf6 18. b3 Nd7 19. Bh6 Be5 20. h4 Re8 21. h5 Nf6
22. Nd5 Qa3 23. Nxf6+ Bxf6 24. Bd3 a5 25. Qc2 a4 26. Rb1 Bd7 27. Kf1 axb3 28.
axb3 Re6 29. Bc1 Qb4 30. Bd2 Qa3 31. hxg6 fxg6 32. Bc3 Be5 33. Kg2 Rf6 34. Ra1
Qxb3 35. Bxe5 dxe5 36. Rhb1 Qxc2+ 37. Bxc2 Rfb6 38. Rxb6 Rxb6 39. Ra2 Be6 40.
Bd3 Rb3 41. Be2 Rb4 1/2-1/2

[Event "Szolnok"]
[Site "Szolnok"]
[Date "1975.10.28"]
[Round "13"]
[White "Hernandez Onna, Roman"]
[Black "Rajna, George"]
[Result "1-0"]
[WhiteElo "2395"]
[BlackElo "2405"]
[PlyCount "93"]
[EventDate "1975.??.??"]
[EventType "game"]
[EventCountry "HUN"]
[SourceTitle "MCD"]
[Source "ChessBase"]
[SourceDate "1999.07.01"]

1. c4 e5 2. Nc3 Nc6 3. g3 g6 4. Bg2 Bg7 5. Nf3 d6 6. d3 f5 7. O-O Nf6 8. Rb1
O-O 9. b4 f4 10. b5 Ne7 11. a4 Bg4 12. d4 e4 13. Ng5 e3 14. gxf4 exf2+ 15. Rxf2
h6 16. Nf3 Nh5 17. e3 Qd7 18. Ne2 Rae8 19. e4 Kh8 20. Rb3 Ng8 21. h3 Bxf3 22.
Bxf3 Qxh3 23. Rg2 Qe6 24. Qc2 Qf7 25. Bxh5 gxh5 26. Rbg3 Bf6 27. e5 h4 28. Rh3
Bd8 29. Bb2 d5 30. Ba3 Be7 31. Bxe7 Nxe7 32. Rxh4 Nf5 33. Qxf5 Qxf5 34. Rxh6+
Qh7 35. Rxh7+ Kxh7 36. cxd5 Rd8 37. Kf2 Rxd5 38. Ke3 Rg8 39. Rh2+ Kg7 40. f5 c5
41. Ke4 Rgd8 42. f6+ Kf7 43. Rh7+ Kg8 44. Rg7+ Kh8 45. e6 R5d6 46. d5 Rxd5 47.
e7 1-0

[Event "Szolnok"]
[Site "Szolnok"]
[Date "1975.10.29"]
[Round "14"]
[White "Hernandez Onna, Roman"]
[Black "Lukacs, Peter"]
[Result "0-1"]
[WhiteElo "2395"]
[BlackElo "2385"]
[PlyCount "52"]
[EventDate "1975.??.??"]
[EventType "game"]
[EventCountry "HUN"]
[SourceTitle "MCD"]
[Source "ChessBase"]
[SourceDate "1999.07.01"]

1. c4 c5 2. Nc3 Nf6 3. Nf3 Nc6 4. g3 d5 5. cxd5 Nxd5 6. Bg2 Nc7 7. O-O e5 8. d3
Be7 9. Nd2 Bd7 10. Nc4 f6 11. f4 b5 12. Ne3 exf4 13. gxf4 Rb8 14. Ned5 O-O 15.
f5 Bd6 16. Kh1 Be5 17. Nxc7 Qxc7 18. Be4 Bxh2 19. Rf3 Be5 20. Qg1 Nd4 21. Bh6
Bc6 22. Bxc6 Nxc6 23. Qxc5 gxh6 24. Nd5 Qf7 25. Rh3 Rbc8 26. Rxh6 Kh8 0-1

[Event "Kecskemet Toth Memorial 5th"]
[Site "Kecskement"]
[Date "1975.05.29"]
[Round "1"]
[White "Forintos, Gyozo V"]
[Black "Hernandez Onna, Roman"]
[Result "1/2-1/2"]
[WhiteElo "2490"]
[BlackElo "2395"]
[PlyCount "24"]
[EventDate "1975.05.29"]
[EventType "tourn"]
[EventRounds "13"]
[EventCountry "HUN"]
[EventCategory "8"]
[SourceTitle "EXT 2001"]
[Source "ChessBase"]
[SourceDate "2000.11.22"]
[SourceVersion "1"]
[SourceVersionDate "2000.11.22"]
[SourceQuality "1"]

1. c4 e5 2. g3 Nc6 3. Bg2 g6 4. Nc3 Bg7 5. e3 d6 6. Nge2 Nf6 7. O-O O-O 8. d4
Bd7 9. b3 Qc8 10. Ba3 exd4 11. Nxd4 Nxd4 12. Qxd4 Bh3 1/2-1/2

[Event "Kecskemet Toth Memorial 5th"]
[Site "Kecskement"]
[Date "1975.05.30"]
[Round "2"]
[White "Portisch, Ferenc"]
[Black "Hernandez Onna, Roman"]
[Result "1/2-1/2"]
[WhiteElo "2420"]
[BlackElo "2395"]
[PlyCount "80"]
[EventDate "1975.05.29"]
[EventType "tourn"]
[EventRounds "13"]
[EventCountry "HUN"]
[EventCategory "8"]
[SourceTitle "EXT 2001"]
[Source "ChessBase"]
[SourceDate "2000.11.22"]
[SourceVersion "1"]
[SourceVersionDate "2000.11.22"]
[SourceQuality "1"]

1. d4 d5 2. Nf3 e6 3. c4 c5 4. cxd5 exd5 5. g3 Nc6 6. Bg2 Nf6 7. O-O Be7 8. Nc3
O-O 9. Bg5 cxd4 10. Nxd4 h6 11. Be3 Re8 12. Nxc6 bxc6 13. Na4 Bf5 14. Rc1 Qd7
15. Nc5 Bxc5 16. Bxc5 Bh3 17. Qd3 Re5 18. Bxh3 Qxh3 19. f3 Nh5 20. Rf2 Rg5 21.
Be3 Rg6 22. Rg2 Re8 23. g4 Rge6 24. Bd2 Nf6 25. Rc2 Qh4 26. Kf1 Nd7 27. Bc3 Qg5
28. Bd4 Ne5 29. Qd2 Qxd2 30. Rxd2 Nc4 31. Rc2 c5 32. Bg1 Ra6 33. b3 Ne3+ 34.
Bxe3 Rxe3 35. Kf2 d4 36. Rg1 Ra3 37. Rd1 a5 38. Rdd2 Re5 39. Rc4 Kf8 40. Kg3 a4
1/2-1/2

[Event "Kecskemet Toth Memorial 5th"]
[Site "Kecskement"]
[Date "1975.05.31"]
[Round "3"]
[White "Hernandez Onna, Roman"]
[Black "Moehring, Guenther"]
[Result "1-0"]
[WhiteElo "2395"]
[BlackElo "2450"]
[PlyCount "113"]
[EventDate "1975.05.29"]
[EventType "tourn"]
[EventRounds "13"]
[EventCountry "HUN"]
[EventCategory "8"]
[SourceTitle "EXT 2001"]
[Source "ChessBase"]
[SourceDate "2000.11.22"]
[SourceVersion "1"]
[SourceVersionDate "2000.11.22"]
[SourceQuality "1"]

1. c4 g6 2. Nc3 Bg7 3. g3 Nf6 4. Bg2 O-O 5. Nf3 d6 6. O-O e5 7. d4 Nbd7 8. h3
Re8 9. e4 exd4 10. Nxd4 Nc5 11. Re1 a5 12. Ndb5 Bd7 13. e5 dxe5 14. Be3 Bxb5
15. Qxd8 Raxd8 16. Nxb5 Nd3 17. Nxc7 Nxe1 18. Nxe8 Nc2 19. Nxf6+ Bxf6 20. Rb1
Nxe3 21. fxe3 Bg5 22. Bxb7 Bxe3+ 23. Kh1 Rd2 24. a3 Rc2 25. Bd5 Rc1+ 26. Rxc1
Bxc1 27. c5 Kf8 28. c6 Ke7 29. Bxf7 Bxb2 30. a4 Kd6 31. Bd5 Bd4 32. Be4 Bb6 33.
Kg2 Kc5 34. h4 Kb4 35. g4 Kc5 36. g5 Kd6 37. Kf3 Ke6 38. Kg4 Kf7 39. Bd5+ Kf8
40. Kf3 Bc7 41. Ke4 Ke7 42. Bg8 Kf8 43. Bc4 Ke7 44. Bd5 Bb6 45. Kf3 Bc7 46. Kg4
Kf8 47. Be4 Kg7 48. h5 gxh5+ 49. Kxh5 Bd6 50. Kg4 Bc7 51. Kf5 Kf7 52. Kg4 Kg7
53. Kf5 Kf7 54. Bd5+ Ke7 55. Bg8 e4 56. Kxe4 Bd8 57. Kd5 1-0

[Event "Kecskemet Toth Memorial 5th"]
[Site "Kecskement"]
[Date "1975.06.01"]
[Round "4"]
[White "Kholmov, Ratmir D"]
[Black "Hernandez Onna, Roman"]
[Result "1-0"]
[WhiteElo "2540"]
[BlackElo "2395"]
[PlyCount "63"]
[EventDate "1975.05.29"]
[EventType "tourn"]
[EventRounds "13"]
[EventCountry "HUN"]
[EventCategory "8"]
[SourceTitle "EXT 2001"]
[Source "ChessBase"]
[SourceDate "2000.11.22"]
[SourceVersion "1"]
[SourceVersionDate "2000.11.22"]
[SourceQuality "1"]

1. e4 c5 2. Nf3 Nc6 3. d4 cxd4 4. Nxd4 e6 5. Nc3 a6 6. Be3 Qc7 7. Bd3 Nf6 8.
O-O d6 9. f4 Be7 10. Kh1 O-O 11. Qf3 Bd7 12. Rad1 b5 13. a3 Rab8 14. Nxc6 Bxc6
15. Qh3 g6 16. f5 e5 17. Bg5 Qd8 18. Qh4 Kh8 19. Rf3 Rg8 20. Rdf1 gxf5 21. Rxf5
Rxg5 22. Qxg5 Ng8 23. Qe3 f6 24. Nd5 Rb7 25. Be2 Bd7 26. R5f2 Be6 27. Qd2 Qf8
28. c3 Bd8 29. Bd1 Rf7 30. b4 Qh6 31. Qxh6 Nxh6 32. Nxf6 1-0

[Event "Kecskemet Toth Memorial 5th"]
[Site "Kecskement"]
[Date "1975.06.03"]
[Round "5"]
[White "Hernandez Onna, Roman"]
[Black "Dely, Peter"]
[Result "1-0"]
[WhiteElo "2395"]
[BlackElo "2445"]
[PlyCount "67"]
[EventDate "1975.05.29"]
[EventType "tourn"]
[EventRounds "13"]
[EventCountry "HUN"]
[EventCategory "8"]
[SourceTitle "EXT 2001"]
[Source "ChessBase"]
[SourceDate "2000.11.22"]
[SourceVersion "1"]
[SourceVersionDate "2000.11.22"]
[SourceQuality "1"]

1. c4 g6 2. Nc3 Bg7 3. g3 e5 4. Bg2 d6 5. Nf3 Nf6 6. O-O O-O 7. d3 Re8 8. Rb1
a5 9. b3 Nc6 10. Bb2 h6 11. a3 Be6 12. e4 Nh7 13. Nd5 Ng5 14. Ne1 Nd4 15. f4
Nh7 16. Ne3 exf4 17. gxf4 f5 18. N1c2 Nxc2 19. Qxc2 c6 20. Rbe1 Rf8 21. Bxg7
Kxg7 22. Qc3+ Kg8 23. exf5 Bxf5 24. Nxf5 gxf5 25. Re6 Rf6 26. Rfe1 Kf7 27. R6e3
Rg6 28. Kh1 Nf6 29. Bh3 Ng4 30. Bxg4 Rxg4 31. Qd4 Qd7 32. c5 Rd8 33. cxd6 Qxd6
34. Re7+ 1-0

[Event "Kecskemet Toth Memorial 5th"]
[Site "Kecskement"]
[Date "1975.06.04"]
[Round "6"]
[White "Honfi, Karoly"]
[Black "Hernandez Onna, Roman"]
[Result "1-0"]
[WhiteElo "2460"]
[BlackElo "2395"]
[PlyCount "139"]
[EventDate "1975.05.29"]
[EventType "tourn"]
[EventRounds "13"]
[EventCountry "HUN"]
[EventCategory "8"]
[SourceTitle "EXT 2001"]
[Source "ChessBase"]
[SourceDate "2000.11.22"]
[SourceVersion "1"]
[SourceVersionDate "2000.11.22"]
[SourceQuality "1"]

1. e4 c5 2. Nf3 Nc6 3. d4 cxd4 4. Nxd4 g6 5. c4 Nf6 6. Nc3 Nxd4 7. Qxd4 d6 8.
Be2 Bg7 9. Bg5 O-O 10. Qd2 b6 11. O-O Bb7 12. f3 Nd7 13. Rac1 Ne5 14. Nd5 Nc6
15. b4 f6 16. Be3 e5 17. c5 dxc5 18. bxc5 Kh8 19. cxb6 f5 20. exf5 Rxf5 21. Nc7
Qxd2 22. Bxd2 Rc8 23. Be3 axb6 24. Bxb6 Nd4 25. Bd3 Rf6 26. Bxd4 exd4 27. Nb5
Bh6 28. Rxc8+ Bxc8 29. Rd1 Be3+ 30. Kf1 g5 31. Be2 Ra6 32. a3 Ra4 33. Nd6 Be6
34. Ra1 Bf4 35. Ne4 Ra5 36. g3 Be3 37. Bd3 g4 38. f4 Bd5 39. Nd6 Bd2 40. Nc4
Bxc4 41. Bxc4 Rh5 42. Ra2 Ba5 43. a4 Rc5 44. Rc2 Kg7 45. Ke2 Bc3 46. Kd3 h5 47.
Re2 h4 48. Re7+ Kf6 49. Re6+ Kg7 50. Re8 hxg3 51. hxg3 Rh5 52. Rg8+ Kf6 53.
Rxg4 Rh3 54. Ke4 Rh1 55. Bd3 Re1+ 56. Kd5 Re3 57. Kc4 Be1 58. Kxd4 Bf2 59. Kc4
Bxg3 60. a5 Bf2 61. a6 Re1 62. Rg6+ Kf7 63. f5 Ra1 64. Kb5 Bd4 65. Bc4+ Ke7 66.
Kc6 Ra5 67. Re6+ Kf8 68. Bb5 Ra1 69. Rd6 Bg1 70. Bc4 1-0

[Event "Kecskemet Toth Memorial 5th"]
[Site "Kecskement"]
[Date "1975.06.05"]
[Round "7"]
[White "Hernandez Onna, Roman"]
[Black "Vadasz, Laszlo"]
[Result "1-0"]
[WhiteElo "2395"]
[BlackElo "2460"]
[PlyCount "67"]
[EventDate "1975.05.29"]
[EventType "tourn"]
[EventRounds "13"]
[EventCountry "HUN"]
[EventCategory "8"]
[SourceTitle "EXT 2001"]
[Source "ChessBase"]
[SourceDate "2000.11.22"]
[SourceVersion "1"]
[SourceVersionDate "2000.11.22"]
[SourceQuality "1"]

1. c4 g6 2. Nc3 Bg7 3. g3 Nf6 4. Bg2 O-O 5. Nf3 d6 6. O-O a6 7. d4 Nc6 8. d5
Na5 9. Nd2 c5 10. Qc2 Rb8 11. b3 b5 12. Rb1 Bd7 13. Bb2 Qc7 14. Ba1 Rb7 15. h3
Rfb8 16. e4 bxc4 17. bxc4 Rxb1 18. Rxb1 Rxb1+ 19. Ncxb1 Nxe4 20. Bxg7 Nxd2 21.
Bc3 Ndxc4 22. Qe2 Bf5 23. Nd2 Nxd2 24. Qxd2 Nb7 25. g4 Bc8 26. Qh6 f6 27. Be4
Qd7 28. Bxg6 hxg6 29. Qxg6+ Kf8 30. Bd2 e5 31. Bh6+ Ke7 32. g5 Qa4 33. gxf6+
Kd7 34. Qf7+ 1-0